Income Tax law and practice : (Record no. 230631)
[ view plain ]
| 000 -LEADER | |
|---|---|
| fixed length control field | 00948nam a22002657a 4500 |
| 005 - DATE AND TIME OF LATEST TRANSACTION | |
| control field | 20260302150140.0 |
| 008 - FIXED-LENGTH DATA ELEMENTS--GENERAL INFORMATION | |
| fixed length control field | 240328b ||||| |||| 00| 0 eng d |
| 020 ## - INTERNATIONAL STANDARD BOOK NUMBER | |
| International Standard Book Number | 9788194675006 |
| 040 ## - CATALOGING SOURCE | |
| Transcribing agency | AIMIT LIBRARY |
| 082 ## - DEWEY DECIMAL CLASSIFICATION NUMBER | |
| Edition number | 51st |
| Classification number | 336.242 |
| Item number | GAUV |
| 100 ## - MAIN ENTRY--PERSONAL NAME | |
| Personal name | Gaur, V P. |
| 9 (RLIN) | 157373 |
| 245 ## - TITLE STATEMENT | |
| Title | Income Tax law and practice : |
| Remainder of title | incorporating income tax act 1961 as amended up-to-date assessment year 2023-24 / |
| Statement of responsibility, etc. | By V P Gaur...[et.al.] |
| 250 ## - EDITION STATEMENT | |
| Edition statement | 51st ed. |
| 260 ## - PUBLICATION, DISTRIBUTION, ETC. | |
| Place of publication, distribution, etc. | New Delhi : |
| Name of publisher, distributor, etc. | Kalyani Publishers , |
| Date of publication, distribution, etc. | 2023. |
| 300 ## - PHYSICAL DESCRIPTION | |
| Extent | xxiv,1.1-6.66 p.; |
| Other physical details | PB |
| Dimensions | 25 cm. |
| 440 ## - SERIES STATEMENT/ADDED ENTRY--TITLE | |
| Title | Assessment year 2023-24 |
| 9 (RLIN) | 257227 |
| 650 ## - SUBJECT ADDED ENTRY--TOPICAL TERM | |
| Topical term or geographic name entry element | Computation of total income |
| 9 (RLIN) | 157374 |
| 650 ## - SUBJECT ADDED ENTRY--TOPICAL TERM | |
| Topical term or geographic name entry element | Computation of tax liability |
| 9 (RLIN) | 157375 |
| 650 ## - SUBJECT ADDED ENTRY--TOPICAL TERM | |
| Topical term or geographic name entry element | Administration of act |
| 9 (RLIN) | 157376 |
| 650 ## - SUBJECT ADDED ENTRY--TOPICAL TERM | |
| Topical term or geographic name entry element | Revisional problems |
| 9 (RLIN) | 157377 |
| 700 ## - ADDED ENTRY--PERSONAL NAME | |
| Personal name | Narang, D B. |
| 9 (RLIN) | 157378 |
| 700 ## - ADDED ENTRY--PERSONAL NAME | |
| Personal name | Gaur , Puja. |
| 9 (RLIN) | 157379 |
| 700 ## - ADDED ENTRY--PERSONAL NAME | |
| Personal name | Puri, Rajeev. |
| 9 (RLIN) | 157380 |
| 942 ## - ADDED ENTRY ELEMENTS (KOHA) | |
| Source of classification or shelving scheme | Dewey Decimal Classification |
| Koha item type | Book |
| Edition | 51 |
| Call number prefix | 336.242 GAUV |
| Withdrawn status | Lost status | Source of classification or shelving scheme | Damaged status | Not for loan | Collection code | Home library | Current library | Date acquired | Source of acquisition | Cost, normal purchase price | Inventory number | Total Checkouts | Full call number | Barcode | Date last seen | Date last checked out | Cost, replacement price | Price effective from | Koha item type |
|---|---|---|---|---|---|---|---|---|---|---|---|---|---|---|---|---|---|---|---|
| Dewey Decimal Classification | MBA | St Aloysius Institute of Management & Information Technology | St Aloysius Institute of Management & Information Technology | 03/14/2024 | Biblios Book Point | 675.00 | Bill no:8451; Bill dt:2024-03-06 | 1 | 336.242 GAUV | MBA14754 | 05/23/2026 | 04/02/2024 | 540.00 | 03/28/2024 | Book | ||||
| Dewey Decimal Classification | MBA | St Aloysius Institute of Management & Information Technology | St Aloysius Institute of Management & Information Technology | 03/14/2024 | Biblios Book Point | 675.00 | Bill no:8451; Bill dt:2024-03-06 | 336.242 GAUV | MBA14755 | 05/23/2026 | 540.00 | 03/28/2024 | Book |